Statistics and Data with R : (Record no. 14754)

MARC details
000 -LEADER
fixed length control field 01441cam a2200349 i 4500
001 - CONTROL NUMBER
control field 15374813
003 - CONTROL NUMBER IDENTIFIER
control field EG-ScBUE
005 - DATE AND TIME OF LATEST TRANSACTION
control field 20241217103831.0
008 - FIXED-LENGTH DATA ELEMENTS--GENERAL INFORMATION
fixed length control field 080721t2008 enka f b 001 0 eng d
020 ## - INTERNATIONAL STANDARD BOOK NUMBER
International Standard Book Number 0470758058
020 ## - INTERNATIONAL STANDARD BOOK NUMBER
International Standard Book Number 9780470758052
035 ## - SYSTEM CONTROL NUMBER
System control number (OCoLC)ocn235946051
035 ## - SYSTEM CONTROL NUMBER
System control number (OCoLC)235946051
040 ## - CATALOGING SOURCE
Original cataloging agency DLC
Language of cataloging eng
Description conventions rda
Transcribing agency DLC
Modifying agency BAKER
-- YDXCP
-- BWKUK
-- BWK
-- BWX
-- CDX
-- BTCTA
-- DLC
-- EG-ScBUE
082 04 - DEWEY DECIMAL CLASSIFICATION NUMBER
Classification number 519.502852133
Edition number 22
Item number COH
100 1# - MAIN ENTRY--PERSONAL NAME
Personal name Cohen, Yosef,
Dates associated with a name 1946-
Relator term author.
9 (RLIN) 20130
245 10 - TITLE STATEMENT
Title Statistics and Data with R :
Remainder of title an applied approach through examples /
Statement of responsibility, etc Yosef Cohen, University of Minnesota, USA, Jeremiah Y. Cohen, Vanderbilt University, Nashville, USA.
264 #1 - PUBLICATION, DISTRIBUTION, ETC. (IMPRINT)
Place of publication, distribution, etc Chichester, U.K. :
Name of publisher, distributor, etc Wiley,
Date of publication, distribution, etc [2008]
264 #4 - PUBLICATION, DISTRIBUTION, ETC. (IMPRINT)
Date of publication, distribution, etc c2008
300 ## - PHYSICAL DESCRIPTION
Extent xviii, 599 pages :
Other physical details illustrations ;
Dimensions 26 cm
336 ## - CONTENT TYPE
Source rdacontent
Content type term text
Content type code txt
337 ## - MEDIA TYPE
Media type term unmediated
Source rdamedia
Media type code n
338 ## - CARRIER TYPE
Carrier type term volume
Carrier type code nc
Source rdacarrier
504 ## - BIBLIOGRAPHY, ETC. NOTE
Bibliography, etc Includes bibliographical references and index.
650 #7 - SUBJECT ADDED ENTRY--TOPICAL TERM
9 (RLIN) 20131
Topical term or geographic name as entry element Mathematical statistics
General subdivision Data processing.
Source of heading or term BUEsh
650 #7 - SUBJECT ADDED ENTRY--TOPICAL TERM
9 (RLIN) 20132
Topical term or geographic name as entry element R (Computer program language)
Source of heading or term BUEsh
655 ## - INDEX TERM--GENRE/FORM
Form subdivision Reading book
700 1# - ADDED ENTRY--PERSONAL NAME
Personal name Cohen, Jeremiah Y.,
Relator term author.
9 (RLIN) 20133
856 41 - ELECTRONIC LOCATION AND ACCESS
Materials specified Table of contents only
Uniform Resource Identifier <a href="http://www.loc.gov/catdir/toc/ecip0824/2008032153.html">http://www.loc.gov/catdir/toc/ecip0824/2008032153.html</a>
942 ## - ADDED ENTRY ELEMENTS (KOHA)
Source of classification or shelving scheme Dewey Decimal Classification
Koha item type NB - Book (Non borrowing)
Holdings
Withdrawn status Lost status Source of classification or shelving scheme Damaged status Not for loan Collection code Home library Current library Shelving location Date acquired Source of acquisition Total Checkouts Total Renewals Full call number Barcode Date last seen Date checked out Price effective from Koha item type
    Dewey Decimal Classification     Baccah Central Library Central Library First floor 07/10/2010 Purchase 1 5 519.502852133 COH 000022318 15/07/2025 24/04/2021 07/10/2010 Book - Borrowing
    Dewey Decimal Classification     Baccah Central Library Central Library First floor 07/10/2010 Purchase 1 5 519.502852133 COH 000022319 15/07/2025 25/09/2012 07/10/2010 NB - Book (Non borrowing)
    Dewey Decimal Classification     Baccah Central Library Central Library First floor 07/10/2010 Purchase 1   519.502852133 COH 000022320 15/07/2025 12/02/2020 07/10/2010 Book - Borrowing
    Dewey Decimal Classification     Baccah Central Library Central Library First floor 11/10/2010 Purchase 1 3 519.502852133 COH 000022350 15/07/2025 20/05/2023 11/10/2010 Book - Borrowing